000 00301nam a2200097Ia 4500
008 220120s9999||||xx |||||||||||||| ||und||
100 _aDyna, Jesna, and Shwetha
_912679
245 0 _aSentiment analysis on named entities
260 _aCoorg Institute of Technology
_bPonnampet
_c2017
650 _aMECHANICAL
999 _c138279
_d138279